Propuesta técnica para la reducción de huella de carbono en un edificio de un Laboratorio de Ensayos
Enregistré dans:
| Auteur principal: | |
|---|---|
| Autres auteurs: | |
| Format: | Livre |
| Langue: | Spanish |
| Publié: |
[San José], Costa Rica
2016
|
| Sujets: |
DIOXIDO DE CARBONO - MEDICIONES - COSTA RICA
> MITIGACION DEL DIOXIDO DE CARBONO - COSTA RICA
> MITIGACION DEL DIOXIDO DE CARBONO - ANALISIS DE COSTOS
> EMISIONES DE GASES - ASPECTOS AMBIENTALES
> EDIFICIOS UNIVERSITARIOS - ASPECTOS AMBIENTALES - COSTA RICA - EVALUACION
> MITIGACION DE GASES DEL EFECTO INVERNADERO - NORMAS
|
| Tags: |
Ajouter un tag
Pas de tags, Soyez le premier à ajouter un tag!
|
MARC
| LEADER | 00000nam a22000007a 4500 | ||
|---|---|---|---|
| 003 | 012453 | ||
| 005 | 20230907133611.0 | ||
| 008 | 160913b2016 cr a|||| |||| 00| ||spa d | ||
| 040 | |c cru CEDI | ||
| 090 | |a TFG 7610 | ||
| 100 | |9 1429 |a Morera Sancho, Marlon Alfredo, 1991- | ||
| 245 | |a Propuesta técnica para la reducción de huella de carbono en un edificio de un Laboratorio de Ensayos | ||
| 260 | |a [San José], Costa Rica |c 2016 | ||
| 300 | |a x, 99 [A8,B5, C6] hojas; ilustraciones algunas a color | ||
| 500 | |a Proyecto de graduación (licenciatura en ingeniería civil)--Universidad de Costa Rica. Facultad de Ingeniería. Escuela de Ingeniería Civil | ||
| 501 | |a Directora de Proyecto de Graduación: Ing. Flor de María Muñoz Umaña. M. Ing. I.C. M. Ing. I.C. | ||
| 610 | 0 | |9 1430 |a Universidad de Costa Rica. Laboratorio Nacional de Materiales y Modelos Estructurales - ASPECTOS AMBIENTALES | |
| 610 | 0 | |9 1431 |a Universidad de Costa Rica. Laboratorio Nacional de Materiales y Modelos Estructurales - CONSUMO DE ENERGIA - EVALUACION | |
| 650 | |x DIOXIDO DE CARBONO - MEDICIONES - COSTA RICA |x MITIGACION DEL DIOXIDO DE CARBONO - COSTA RICA |x MITIGACION DEL DIOXIDO DE CARBONO - ANALISIS DE COSTOS |x EMISIONES DE GASES - ASPECTOS AMBIENTALES |x EDIFICIOS UNIVERSITARIOS - ASPECTOS AMBIENTALES - COSTA RICA - EVALUACION |x MITIGACION DE GASES DEL EFECTO INVERNADERO - NORMAS |9 5298 | ||
| 700 | |9 144 |a Muñoz Umaña, Flor de María, 1958- |d Directora del TFG | ||
| 942 | |c CEDI | ||
| 999 | |c 17033 |d 17033 | ||
